000 00756nam a2200229Ia 4500
005 20250108124907.0
008 008 250107s9999 xx 000 0 hin d
020 _a978-93-5626-983-5
037 _aTB
040 _aCRL
_bhin
_cCRL
041 _ahin
_2hin
084 _aG R0
084 _qCRL
100 _aदईया, पीयूष, संपा.
245 0 _aजगह
_cदईया, पीयूष, संपा.
260 _aबीकानेर, भारत
_bसूर्य प्रकाशन मन्दिर
_c2575
300 _a624पृ0
365 _aINR
_b240
650 _aहिन्दी निबंधहिन्दी साहित्य
_9729733
942 _cTB
_hG R0
999 _c1234963
_d1234963